Světová ekonomika

Salvato in:
Dettagli Bibliografici
Autore principale: Lebiedzik, Marian
Altri autori: Nezval, Pavel, Majerová, Ingrid
Natura: Libro
Lingua:ceco
Pubblicazione: Brno Computer Press, a.s. 2007
Serie:Vysokoškolské učebnice
Soggetti:
Tags: Aggiungi Tag
Nessun Tag, puoi essere il primo ad aggiungerne!!

MARC

LEADER 00000nam$a2200000$$$4500
001 0083827
005 20240226134331.5
020 |a 978-80-251-1498-8 
020 |a 978-80-251-1510-7 
041 0 |a cze 
044 |a CZ 
245 1 0 |a Světová ekonomika  |c Marian Lebiedzik, Ingrid Majerová, Pavel Nezval 
264 1 |a Brno  |b Computer Press, a.s.  |c 2007 
300 |a 280 s. 
490 1 |a Vysokoškolské učebnice 
830 0 |a Vysokoškolské učebnice 
610 2 0 |a hospodárstvo svetové 
610 2 0 |a vývoj 
610 2 0 |a rast hospodársky 
610 2 0 |a rozvoj hospodársky 
610 2 0 |a integrácia ekonomická medzinárodná 
610 2 0 |a globalizácia 
610 2 0 |a vzťahy hospodárske medzinárodné 
610 2 0 |a obchod svetový 
610 2 0 |a politika obchodná 
610 2 0 |a faktory výrobné 
610 2 0 |a krajiny rozvojové 
610 2 0 |a plánovanie hospodárske 
610 2 0 |a reformy hospodárske 
610 2 0 |a transformácia 
610 2 0 |a hospodárstvo národné 
100 1 |a Lebiedzik, Marian 
700 1 |a Nezval, Pavel 
700 1 |a Majerová, Ingrid